000 00812cam a2200181 4500
001 X114828
008 010926n2001 000 0 eng u
035 _a(Sirsi) u114828
245 _aGodfrey v Conway CBC
260 _c2001
490 _aJournal of Planning and Environment Law
_v{2001] JPL 1162-1168(7)
520 _aQBD 13 November 2000. Statutory nuisance. Abatement notice alleging noise nuisance. Whether noise amounted to a stattuory nuisance. Whether requirement to 'abate' the nuisance and 'prevent recurrence' rendered the notice invalid. Appeals against notice dismissed. (Taken from journal headnote)
650 _aGODFREY V CONWAY CBC
650 _aSTATUTORY NUISANCE
650 _aNOISE ABATEMENT
690 _aENVIRONMENTAL AND LAND CONSULTANCY-PLANNING AND DEVELOPMENT
942 _n0
999 _c68360
_d68360